All Languages Tested in China's College Entrance Exam (Gaokao) - Statistics

General Stats
  • This quiz has been taken 47 times
  • The average score is 11 of 14
Answer Stats
Hint Answer % Correct
Major foreign language English
100%
Domestic mainstream language Mandarin Chinese
100%
Minor foreign language French
98%
Minor foreign language Japanese
98%
Minor foreign language German
95%
Domestic minority language Korean
95%
Minor foreign language Spanish
95%
Minor foreign language Russian
93%
Domestic minority language Uyghur
75%
Domestic minority language Mongolian
73%
Domestic minority language Tibetan
73%
Domestic minority language Kazakh
45%
Domestic minority language Kyrgyz
30%
Domestic minority language Yi
15%
No matching quizzes found
Score Distribution
Percent of People with Each Score
Percentile by Number Answered
Your Score History
You have not taken this quiz